00385nam a2200109 a 4500008004100000020001800041050001900059100001700078245010600095260004000201300003400241190822s2006 ||||||||||||||||| || u a9780470018910 aTL 574. S7 Lan aLangton, Roy10aStability and control of aircraft systems: introduction to classical feedback controlcBy Roy Langton aChichesterbJohn Wiley & Sonsc2006 axv, 238 pages : illustrations